000 00541nam a2200181Ia 4500
005 20250508153219.0
008 008 250505s9999 xx 000 0 eng d
037 _aBooks to be hide in OPAC
040 _aFEDL
_beng
_cFEDL
041 _aeng
_2eng
084 _a371.309 541 92, WES
_qFEDL
245 0 _aReport on public instruction in West Bengal for the year 1955-56
245 0 _cGovernment of West Bengal
260 _c1963
300 _a212p.
942 _cHB
_h371.309 541 92, WES
999 _c1341306
_d1341306